000 00366cam a2200145ua 4500
003 OSt
008 250108b |||||||| |||| 00| 0 eng d
041 _aeng
082 _a621.384136
_bSTU/RA
100 _aStarley, K R .
_96882
245 _aRadio receiver design, Part 2 /
260 _aMumbai :
_bAsia Publishing House ,
_c1959.
300 _a480 ; .
942 _cBK
999 _c7082
_d7082